| 000 | 00684nam a2200205 a 4500 | ||
|---|---|---|---|
| 001 | 000042366 | ||
| 005 | 20201002040116.0 | ||
| 008 | 131127s1997 sp 000 0 spa d | ||
| 020 | _a8478808779 | ||
| 040 |
_aDO-SdBNP _bspa _cBNPHU |
||
| 082 |
_axxx _bxxx |
||
| 100 | 1 |
_aCernuda, Pilar _969445 |
|
| 245 | 1 | 0 |
_aAznarmanía : _bcrónicas de un país que dicen que va bien / _cPilar Cernuda y Fernando Jáuregui. |
| 260 |
_aMadrid : _bTemas de hoy, _c1997. |
||
| 300 |
_a496 p. ; _c23 cm. |
||
| 490 | 1 |
_aGrandes temas _v72 |
|
| 500 | _aIncluye datos biográficos de los autores en la solapa de la cubierta | ||
| 700 | 1 | 2 |
_aJáuregui, Fernando _969446 |
| 830 | 0 |
_aGrandes temas _n72 _969447 |
|
| 999 |
_c41855 _d41855 |
||